000 01359cam a22003854i 4500
003 PE-LiUPU
005 20250731184100.0
008 150623s r 000 0 d
020 _a8481301388
035 _a(Sirsi) i9788481301380
040 _aPE-LiUPU
_bspa
_cPE-LiUPU
_erda
049 _aPRUA
082 0 4 _a808.83
_bG14
_221
100 1 _aDickens, Charles,
_d1812-1870,
_eautor.
245 1 0 _aHistoria de dos ciudades /
_cCharles Dickens.
264 1 _aLima (i.e) Barcelona :
_bEl Comercio,
_c2000.
300 _a381 páginas ;
_c21 centímetros
336 _atext
_2rdacontent
337 _aunmediated
_2rdamedia
338 _avolume
_2rdacarrier
490 0 _aGran Biblioteca Universal de 'El Comercio' ;
_v14
505 0 _aNovela: Historia de dos ciudades.
526 _aP145
526 _aP127
526 _aP97
526 _aP14
526 _aP07
650 0 4 _aNovelas inglesas
_ySiglo XX.
942 _2ddc
_cBOOK
949 _a808.83 G14
_wDEWEY
_c1
_i48411
_lCCODEBUL1
_mBUL
_r0
_sY
_tBOOK
_u2015-6-24
_xEDUCACION
_zUNKNOWN
_0COMPRA
_o.STAFF. Colección General
994 _aC0
_bPEPRU
596 _a1
999 _a808.83 G14
_wDEWEY
_c27077
_i48411
_d27077
_e2017-9-24
_f2021-11-5
_g5
_lCCODEBUL1
_mBUL
_n3
_r0
_sY
_tBOOK
_u2015-6-24
_xBIBLIOTECA
_zUNKNOWN
_0COMPRA
_o.STAFF. Colección General
980 _81
_gALBERTO SANCHEZ Responsable de Automatización